El rasguño en la piedra /
Guardat en:
| Autor principal: | |
|---|---|
| Format: | Desconegut |
| Idioma: | Spanish |
| Publicat: |
La Habana, Cuba :
Ediciones Unión,
1995.
|
| Matèries: | |
| Etiquetes: |
Afegir etiqueta
Sense etiquetes, Sigues el primer a etiquetar aquest registre!
|
MARC
| LEADER | 000000000a22000000004500 | ||
|---|---|---|---|
| 001 | 003671 | ||
| 020 | |a 9592090505 | ||
| 041 | 0 | |a spa | |
| 082 | 0 | 4 | |a Cu861.4 |b L685r |
| 100 | 1 | |a Leyva, Waldo | |
| 245 | 1 | 3 | |a El rasguño en la piedra / |c Waldo Leyva. |
| 260 | 1 | |a La Habana, Cuba : |b Ediciones Unión, |c 1995. | |
| 300 | |a 93 páginas | ||
| 650 | 4 | |a LITERATURA CUBANA | |
| 650 | 4 | |a POESIA CUBANA | |
| 650 | 4 | |a LITERATURA Y SOCIEDAD | |
| 650 | 4 | |a LITERATURA Y ESTADO | |
| 999 | |c 10141 |d 10141 | ||
| 942 | |c BK |h Cu861.4 L685r |2 z | ||



